000 00549nam a22001937a 4500
005 20251108174656.0
008 250721s9999 xx 000 0 ara d
082 1 4 _aط/500/مرا
100 1 _aمراد، طارق
245 1 0 _aتلوث الجو /
264 1 _aبيروت :
_bدار الراتب الجامعية،
300 _a70ص.
490 0 _aموسوعة محيط المعرفة
650 1 7 _aالعلوم
650 1 7 _aتلوث الجو
653 _aناشاون صغار (10-14) سنه
942 _2ddc
_cBK
999 _c115156
_d115156